Dans quel arrondissement de Paris? - 2 - Statistiques

Statistiques générales
  • Ce quiz a été pris 31 fois
  • Le résultat moyen est 12 sur 15
Statistiques - réponses
Hint Réponse % Correct
L'opéra Bastille 12
93%
Le bois de Boulogne 16
93%
La cathédrale Notre-Dame 4
93%
Les catacombes 14
89%
Le Panthéon 5
86%
Le parc Monceau 8
86%
Le Grand Palais 8
82%
Le Palais de Justice 1
79%
Le musée Carnavalet 3
79%
Le Musée Grévin 9
79%
Le parc zoologique de Paris 12
75%
Le parc Montsouris 14
75%
Musée Jacquemart-André 8
71%
Le musée de la Vie romantique 9
71%
Le musée Picasso 3
64%
Aucun quiz correspondant
Distribution des résultats
% des personnes avec chaque résultat
Percentile par nombre de réponses
Votre historique - résultats
Vous n’avez pas pris ce quiz